Inhalation therapy procedure manual / (Record no. 52040)
[ view plain ]
| 000 -LEADER | |
|---|---|
| fixed length control field | 00819cam1a220025300 4500 |
| 001 - CONTROL NUMBER | |
| control field | lce01119355 |
| 008 - FIXED-LENGTH DATA ELEMENTS--GENERAL INFORMATION | |
| fixed length control field | 701028s1970 ilu 001 0 eng |
| 010 ## - LIBRARY OF CONGRESS CONTROL NUMBER | |
| LC control number | 79122201 //r81 |
| 035 ## - SYSTEM CONTROL NUMBER | |
| System control number | (Sirsi) r98207 |
| 035 ## - SYSTEM CONTROL NUMBER | |
| System control number | (DLC) 79122201 //r81 |
| 035 ## - SYSTEM CONTROL NUMBER | |
| System control number | (UPRA)lce01119355 |
| 040 ## - CATALOGING SOURCE | |
| Modifying agency | UPRA |
| 050 0# - LIBRARY OF CONGRESS CALL NUMBER | |
| Classification number | RM161 |
| Item number | .D35 1970 |
| 082 ## - DEWEY DECIMAL CLASSIFICATION NUMBER | |
| Classification number | 615/.836/0202 |
| 100 1# - MAIN ENTRY--PERSONAL NAME | |
| Personal name | DeKornfeld, Thomas J., 1924- |
| Dates associated with a name | DeKornfeld, Thomas J., 1924- |
| Linkage | A56830.1 |
| 245 10 - TITLE STATEMENT | |
| Title | Inhalation therapy procedure manual / |
| Statement of responsibility, etc. | by Thomas J. DeKornfeld and Don E. Gilbert. |
| 250 ## - EDITION STATEMENT | |
| Edition statement | 2nd ed. |
| 260 ## - PUBLICATION, DISTRIBUTION, ETC. | |
| Place of publication, distribution, etc. | Springfield, IL : |
| Name of publisher, distributor, etc. | Thomas, |
| Date of publication, distribution, etc. | [1970] |
| 500 ## - GENERAL NOTE | |
| General note | First published in 1968. |
| 650 #0 - SUBJECT ADDED ENTRY--TOPICAL TERM | |
| Topical term or geographic name entry element | Respiratory therapy. |
| Linkage | S141.1 |
| 700 1# - ADDED ENTRY--PERSONAL NAME | |
| Personal name | Gilbert, Don E. |
| Linkage | A56831.1 |
| 949 ## - LOCAL PROCESSING INFORMATION (OCLC) | |
| a | RM161 |
| w | LC |
| i | -139715 |
| m | MEDICAL |
| t | BOOK |
| l | ON-SHELF |
No items available.